[Event "3rd ch-Euro Senior"]
[Site "Saint Vincent ITA"]
[Date "2003.09.22"]
[Round "6"]
[White "Kraidman,Y"]
[Black "Klovans,J"]
[Result "0-1"]
[WhiteElo "2319"]
[BlackElo "2480"]

1.d4 Nf6 2.c4 e6 3.Nf3 d5 4.Nc3 c6 5.e3 Nbd7 6.cxd5 exd5 7.Bd3 Bd6 8.O-O O-O
9.Qc2 Re8 10.Re1 h6 11.Bd2 Nf8 12.h3 Bd7 13.e4 dxe4 14.Nxe4 Nxe4 15.Bxe4 Be6
16.Bc3 Bc7 17.Re3 Bf4 18.Re2 Bd5 19.Rae1 Bxe4 20.Rxe4 Rxe4 21.Qxe4 Ne6 22.g3 Bc7
23.Kg2 Qd7 24.Ne5 Bxe5 25.Qxe5 Rd8 26.h4 Qc8 27.Qa5 a6 28.Qb6 Rd6 29.Re4 Qd7
30.Qb4 Rd5 31.a4 g5 32.Qc4 f5 33.Re3 f4 34.Re4 gxh4 35.Qe2 f3+ 36.Qxf3 Ng5
37.Rg4 h5 38.Rxg5+ Rxg5 39.Qf4 Qd5+ 40.Kf1 hxg3 41.Bd2 Rg7  0-1

[Event "3rd ch-Euro Senior"]
[Site "Saint Vincent ITA"]
[Date "2003.09.22"]
[Round "6"]
[White "Margolit,R"]
[Black "Blaustein,B"]
[Result "1/2-1/2"]
[WhiteElo "2365"]
[BlackElo "2120"]

1.c4 Nf6 2.Nc3 e6 3.d4 d5 4.Nf3 c6 5.e3 Nbd7 6.Bd3 Bd6 7.O-O O-O 8.e4 dxe4
9.Nxe4 Nxe4 10.Bxe4 e5 11.dxe5 Nxe5 12.Nxe5 Bxe5 13.Bxh7+ Kxh7 14.Qh5+ Kg8
15.Qxe5 Re8 16.Qc3 Qh4 17.Bd2 Be6 18.b3 b5 19.cxb5 cxb5 20.Qg3 Qxg3 21.hxg3 Rac8
22.Rac1 f6  1/2-1/2

[Event "3rd ch-Euro Senior"]
[Site "Saint Vincent ITA"]
[Date "2003.09.24"]
[Round "8"]
[White "Bukal,V sr"]
[Black "Ofstad,P"]
[Result "1-0"]
[WhiteElo "2408"]
[BlackElo "2221"]

1.c4 c6 2.Nc3 d5 3.d4 Nf6 4.e3 e6 5.Nf3 Nbd7 6.Qc2 Bd6 7.cxd5 exd5 8.Bd3 Qe7
9.O-O O-O 10.Re1 h6 11.e4 dxe4 12.Nxe4 Nxe4 13.Rxe4 Qf6 14.Rh4 Re8 15.Bh7+ Kf8
16.Be3 Nb6 17.Qc1 Nd5 18.Rxh6 Nf4 19.Rxf6 Ne2+ 20.Kf1 Nxc1 21.Rxd6  1-0

[Event "3rd ch-Euro Senior"]
[Site "Saint Vincent ITA"]
[Date "2003.09.25"]
[Round "9"]
[White "Jakobsen,O"]
[Black "Klovans,J"]
[Result "1/2-1/2"]
[WhiteElo "2381"]
[BlackElo "2480"]

1.d4 Nf6 2.c4 e6 3.Nf3 d5 4.Nc3 c6 5.e3 Nbd7 6.Bd3 dxc4 7.Bxc4 b5 8.Bd3 a6
9.a4 b4 10.Ne4 c5 11.O-O Bb7 12.Ned2 cxd4 13.exd4 Be7 14.a5 O-O 15.Qe2 Nd5
16.Nc4 Qc7 17.Nce5 Nxe5 18.Nxe5 Nf6 19.Be3 Rfc8 20.f4 Bd6 21.Rfc1  1/2-1/2

[Event "Osen II"]
[Site "Alushta UKR"]
[Date "2003.09.28"]
[Round "2"]
[White "Ushenina,A"]
[Black "Pavlov,Ma"]
[Result "1/2-1/2"]
[WhiteElo "2311"]
[BlackElo "2443"]

1.d4 d5 2.c4 c6 3.Nf3 Nf6 4.Nc3 e6 5.e3 Nbd7 6.Qc2 Bd6 7.Bd3 O-O 8.O-O dxc4
9.Bxc4 a6 10.e4 e5 11.Rd1 Qe7 12.h3 exd4 13.Nxd4 Ne5 14.Bf1 Ng6 15.g3 Rd8
16.Bg2 Rb8 17.Be3 h5 18.Nf5 Bxf5 19.exf5 Nf8 20.Re1 Qc7 21.Bg5 N8h7 22.h4 Re8
23.Rxe8+ Rxe8 24.Bf3 Be5 25.Kg2 Qc8 26.Na4 Qc7  1/2-1/2

[Event "Osen II"]
[Site "Alushta UKR"]
[Date "2003.09.28"]
[Round "2"]
[White "Shtyrenkov,V"]
[Black "Nalbandian,T"]
[Result "1/2-1/2"]
[WhiteElo "2514"]
[BlackElo "2478"]

1.d4 d5 2.Nf3 Nf6 3.c4 c6 4.Nc3 e6 5.e3 Nbd7 6.Qc2 Bd6 7.Be2 O-O 8.O-O b6
9.Rd1 Bb7 10.e4 Nxe4 11.Nxe4 dxe4 12.Qxe4 Nf6 13.Qc2  1/2-1/2

[Event "ECC"]
[Site "Rethymnon GRE"]
[Date "2003.09.28"]
[Round "1"]
[White "Jeremic,V"]
[Black "Portisch,L"]
[Result "1/2-1/2"]
[WhiteElo "2467"]
[BlackElo "2586"]

1.d4 d5 2.c4 e6 3.Nc3 c6 4.e3 Nf6 5.Nf3 Nbd7 6.Qc2 Bd6 7.b3 O-O 8.Bb2 e5
9.cxd5 cxd5 10.Nb5 Bb4+ 11.Bc3 Bxc3+ 12.Qxc3 a6 13.Nc7 exd4 14.Nxd4 Ne4 15.Qc2 Rb8
16.b4 Ne5 17.Rc1 b5 18.a4 Qd6 19.axb5 Qxb4+ 20.Ke2 axb5 21.Nxd5 Qc4+ 22.Qxc4 bxc4
23.f3 Nc5 24.e4 Ncd3 25.Rc2 Rb1 26.g3 Re1+ 27.Kd2 Bh3 28.Bg2 Bxg2 29.Rxe1 Nxe1
30.Kxe1 Bxf3 31.Nxf3 Nxf3+ 32.Kf2 Ne5 33.Nb6 h5 34.h3 c3 35.Rxc3  1/2-1/2

[Event "ECC"]
[Site "Rethymnon GRE"]
[Date "2003.09.28"]
[Round "1"]
[White "Bogdanovski,V"]
[Black "Kounalakis,E"]
[Result "1-0"]
[WhiteElo "2449"]
[BlackElo "2158"]

1.d4 d5 2.c4 c6 3.Nc3 Nf6 4.e3 e6 5.Nf3 Be7 6.Bd3 O-O 7.O-O dxc4 8.Bxc4 c5
9.Qe2 Nc6 10.Rd1 cxd4 11.exd4 Nb4 12.Ne5 a6 13.Bb3 Qe8 14.Bg5 b5 15.a3 Nbd5
16.Nxd5 Nxd5 17.Bxd5 exd5 18.Bxe7 Qxe7 19.Re1 Be6 20.Qd2 Qd6 21.Nd3 Rfe8
22.Qb4 Qb6 23.Qc5 Qd8 24.Rac1 Rc8 25.Qa7 Ra8 26.Qb7 Qf6 27.Qb6 Reb8 28.Qc5 h6
29.Qc3 Rc8 30.Nc5 Re8 31.Re5 Rac8 32.Rce1 Rc6 33.Qe3 Kh7 34.f4 g6 35.h3 h5
36.Qg3 Rd8 37.Qg5 Kg7 38.Qg3 Kh7 39.Qf3 Rdd6 40.R1e3 Rd8 41.Qf2 Rb8 42.Rg3 Rbb6
43.Rgg5 Kg7 44.Qg3 Kf8 45.f5 Bc8 46.fxg6 fxg6 47.Rxd5 Kf7 48.Rge5  1-0

[Event "2nd League TCh-SCG"]
[Site "Belgrade SCG"]
[Date "2003.09.29"]
[Round "3"]
[White "Milanovic,Da"]
[Black "Djerfi,K"]
[Result "0-1"]
[WhiteElo "2451"]
[BlackElo "2312"]

1.d4 d5 2.c4 c6 3.Nf3 Nf6 4.Nc3 e6 5.e3 Nbd7 6.Qc2 Bd6 7.g4 Bb4 8.Bd2 Qe7
9.Rg1 Bxc3 10.Bxc3 Ne4 11.Bd3 Nxc3 12.Qxc3 O-O 13.O-O-O dxc4 14.Bxc4 c5 15.g5 cxd4
16.Qxd4 a6 17.Kb1 b5 18.Be2 Nc5 19.Rc1 Na4 20.Ne5 Bb7 21.Nd7 e5 22.Nf6+ Kh8
23.Qh4 h6 24.Nh5 Rg8 25.Rg4 Rac8 26.Rcg1 Qc5 27.Bd3 e4 28.Nxg7 Rxg7 29.Qxh6+ Kg8
30.Rh4 Kf8 31.Qh8+ Rg8 32.Qh6+ Ke8 33.Bxe4 Qe5  0-1

[Event "ch-HUN w"]
[Site "Budapest HUN"]
[Date "2003.09.29"]
[Round "9"]
[White "Goczo,M"]
[Black "Lakos,N"]
[Result "1/2-1/2"]
[WhiteElo "2262"]
[BlackElo "2372"]

1.d4 Nf6 2.c4 e6 3.Nf3 d5 4.Nc3 c6 5.e3 Nbd7 6.Bd3 dxc4 7.Bxc4 b5 8.Bd3 b4
9.Na4 Bb7 10.e4 c5 11.e5 Nd5 12.O-O h6 13.Re1 a6 14.Bd2 Qb8 15.Rc1 Qa7 16.Bb1 Rc8
17.Qb3 a5 18.Be4 Be7 19.Rc2 O-O 20.Rec1  1/2-1/2

[Event "12th Monarch Assurance"]
[Site "Port Erin IOM"]
[Date "2003.09.29"]
[Round "3"]
[White "Lputian,S"]
[Black "Timmermans,I"]
[Result "1-0"]
[WhiteElo "2623"]
[BlackElo "2213"]

1.d4 d5 2.c4 c6 3.Nf3 Nf6 4.Nc3 e6 5.e3 Nbd7 6.Qc2 Bd6 7.g4 Bb4 8.Bd2 Qe7
9.Bd3 h6 10.a3 Bxc3 11.Bxc3 b6 12.cxd5 Nxd5 13.Bd2 Bb7 14.e4 N5f6 15.g5 hxg5
16.Bxg5 c5 17.Qe2 cxd4 18.Nxd4 Qc5 19.Be3 Qh5 20.f3 O-O 21.O-O-O Nc5 22.Bc4 Rac8
23.Rhg1 Ncxe4 24.Kb1 e5 25.Nb5 Nc3+ 26.Nxc3 Bxf3 27.Qf1 Bxd1 28.Nxd1 Rfd8
29.Nc3 Qxh2 30.Ka2 Qh4 31.Bb3 Ng4 32.Bxf7+  1-0

[Event "ECC"]
[Site "Rethymnon GRE"]
[Date "2003.09.29"]
[Round "2"]
[White "Kuzubov,Y"]
[Black "Petsetidi,M"]
[Result "1-0"]
[WhiteElo "2400"]
[BlackElo "2011"]

1.d4 d5 2.c4 c6 3.Nf3 Nf6 4.e3 e6 5.Nc3 Be7 6.Qc2 Nbd7 7.b3 b6 8.Bd3 Bb7
9.O-O O-O 10.Bb2 c5 11.cxd5 exd5 12.Rfd1 Rc8 13.dxc5 bxc5 14.Rac1 d4 15.Ne4 dxe3
16.Nxf6+ Bxf6 17.Bxf6 exf2+ 18.Kxf2 Qxf6 19.Bxh7+ Kh8 20.Rxd7 Bxf3 21.gxf3 Qh4+
22.Kg2 Qxh7 23.Qxh7+ Kxh7 24.Kg3 Kg6 25.Rc4 f5 26.Ra4 Rfd8 27.Rb7 Rd1 28.Raxa7 Rg8
29.Rc7 Rd2 30.Rxc5 Re8 31.Rcc7 Ree2 32.Rxg7+ Kh6 33.Rgc7 Rg2+ 34.Kf4 Rxa2
35.Rc6+  1-0

[Event "ECC"]
[Site "Rethymnon GRE"]
[Date "2003.09.29"]
[Round "2"]
[White "Aleksandrov,A"]
[Black "Gagunashvili,M"]
[Result "1/2-1/2"]
[WhiteElo "2659"]
[BlackElo "2577"]

1.d4 d5 2.c4 c6 3.Nc3 Nf6 4.e3 e6 5.Nf3 Nbd7 6.Qc2 Bd6 7.g4 Nxg4 8.Rg1 Qf6
9.Rxg4 Qxf3 10.Rxg7 Nf8 11.Rg1 Ng6 12.Bd2 Bd7 13.Be2 Qf6 14.Rf1 Rc8 15.O-O-O c5
16.dxc5 Rxc5 17.f4 b5 18.cxb5 O-O 19.Kb1 Rfc8 20.Qa4 Bf8 21.Qxa7 R8c7 22.Qa4 Bg7
23.Rc1 e5 24.Nxd5 Bf5+ 25.e4 Rxd5 26.Rxc7 Rxd2 27.exf5 Qxf5+ 28.Rc2 Rxe2
29.b6 exf4 30.Rc1 f3 31.b7 Be5 32.Qb5 Rxc2 33.Rxc2 Qf4 34.a4 Kg7 35.Qb6 Qxa4
36.b8=Q Bxb8 37.Qxb8 f2  1/2-1/2

[Event "2nd League TCh-SCG"]
[Site "Belgrade SCG"]
[Date "2003.09.30"]
[Round "4"]
[White "Cvetkovic,Sr"]
[Black "Djerfi,K"]
[Result "1-0"]
[WhiteElo "2409"]
[BlackElo "2312"]

1.c4 c6 2.Nf3 Nf6 3.Nc3 d5 4.e3 e6 5.d4 Nbd7 6.Qc2 Bd6 7.b3 O-O 8.Be2 Qe7
9.Bb2 b6 10.O-O Bb7 11.Rad1 Rac8 12.e4 Bf4 13.e5 Ne8 14.Bd3 g6 15.Bc1 Bxc1
16.Qxc1 c5 17.dxc5 Nxc5 18.cxd5 exd5 19.Qh6 Ne6 20.Ne2 f5 21.Rfe1 N8g7 22.Ned4 a6
23.h4 Nxd4 24.Nxd4 f4 25.Be2 Rce8 26.Bf3 Kh8 27.h5 Qh4 28.e6 Nf5 29.Nxf5 Rxf5
30.Rc1 Re7 31.Bxd5 Re8 32.Bxb7 Rxh5 33.Qxh5 Qxh5 34.Rc8 g5 35.Rxe8+ Qxe8
36.e7  1-0

[Event "ECC"]
[Site "Rethymnon GRE"]
[Date "2003.09.30"]
[Round "3"]
[White "Roeder,M"]
[Black "Smirnov,P"]
[Result "1/2-1/2"]
[WhiteElo "2451"]
[BlackElo "2629"]

1.d4 Nf6 2.c4 e6 3.Nf3 d5 4.Nc3 c6 5.e3 Nbd7 6.Qc2 Bd6 7.Bd3 O-O 8.O-O dxc4
9.Bxc4 a6 10.Rd1 b5 11.Be2 Qc7 12.Ne4 Nxe4 13.Qxe4 e5 14.Qh4 Re8 15.Bd3 h6
16.Bd2 Be7 17.Qg3 Bd6 18.Qh4 Be7  1/2-1/2

[Event "2nd League TCh-SCG"]
[Site "Belgrade SCG"]
[Date "2003.10.01"]
[Round "5"]
[White "Pavlovic,Mi2"]
[Black "Stankovic,De"]
[Result "1-0"]
[WhiteElo "2442"]
[BlackElo "2251"]

1.Nf3 d5 2.d4 Nf6 3.c4 c6 4.e3 e6 5.Nc3 Nbd7 6.Qc2 Bd6 7.b3 O-O 8.Be2 Qe7
9.O-O dxc4 10.bxc4 e5 11.Rd1 e4 12.Nd2 Re8 13.a4 Nf8 14.Qa2 a5 15.Ba3 Bb4
16.Rdb1 b6 17.Qb2 c5 18.Nd5 Qd6 19.dxc5 bxc5 20.Nxf6+ Qxf6 21.Qxf6 gxf6 22.Nf1 Bxa3
23.Rxa3 Bd7 24.Ng3 f5 25.f3 exf3 26.Bxf3 Rab8 27.Rf1 Rb4 28.Bd5 Re5 29.e4 fxe4
30.Nxe4 Be6 31.Nf6+ Kg7 32.Ne8+ Kg8 33.Nc7 Rg5 34.Raf3 Bxd5 35.cxd5 Rb2 36.g3 f5
37.d6 Rd2 38.Rxf5 Rxf5 39.Rxf5 c4 40.Nb5 Ra2 41.Nc3 Ra3 42.Rf3 Nd7 43.Kg2 Kg7
44.g4 Rb3 45.Kg3 Ne5 46.Re3 Nf7 47.d7 Kf8 48.Kf4 Rb8 49.Nd5 Rd8 50.Nf6 Kg7
51.Kf5 h6 52.h4 Rb8 53.g5 hxg5 54.hxg5 Rb6 55.Nh5+  1-0

[Event "ECC"]
[Site "Rethymnon GRE"]
[Date "2003.10.01"]
[Round "4"]
[White "Kempinski,R"]
[Black "Vallejo Pons,F"]
[Result "1-0"]
[WhiteElo "2565"]
[BlackElo "2662"]

1.d4 d5 2.c4 c6 3.Nf3 Nf6 4.Nc3 e6 5.e3 Nbd7 6.Qc2 Bd6 7.g4 Bb4 8.Bd2 Qe7
9.g5 Bxc3 10.Bxc3 Ne4 11.Bd3 Nxc3 12.Qxc3 dxc4 13.Bxc4 b5 14.Bd3 Bb7 15.d5 O-O
16.dxc6 Rac8 17.Bxb5 a6 18.Qa3 Qxa3 19.bxa3 Bxc6 20.Bxc6 Rxc6 21.Rd1 Nb6
22.O-O Nd5 23.Rd4 Nc3 24.Kg2 Nxa2 25.Rb1 Nc3 26.Rb7 Nb5 27.Rdd7 Nd6 28.Nd4 Nxb7
29.Nxc6 Nc5 30.Rc7 Ne4 31.f3 Nd6 32.Ne7+ Kh8 33.Rc6 Nf5 34.Nxf5 exf5 35.Rxa6 Rb8
36.a4 g6 37.a5 Rb2+ 38.Kg3 Ra2 39.Rf6 Rxa5 40.Rxf7 Kg8 41.Re7 Ra4 42.h4 Rb4
43.Rd7 Ra4 44.Rd4 Ra5 45.Kf4 Kg7 46.Rd7+ Kg8 47.Re7 Rb5 48.Kg3 Rb3 49.h5 gxh5
50.f4 Kf8 51.Re6 Kg7 52.Kf3 Rb2 53.Rh6 Rh2 54.Rf6 h4 55.Rxf5 Rh3+ 56.Ke4 h6
57.gxh6+ Kxh6 58.Rg5 Rh1 59.Kf5 h3 60.e4 h2 61.Rg3  1-0

[Event "ECC"]
[Site "Rethymnon GRE"]
[Date "2003.10.01"]
[Round "4"]
[White "Cyborowski,L"]
[Black "Roiz,M"]
[Result "1/2-1/2"]
[WhiteElo "2550"]
[BlackElo "2554"]

1.Nf3 Nf6 2.c4 e6 3.Nc3 d5 4.d4 c6 5.e3 Nbd7 6.Qc2 Bd6 7.Bd3 O-O 8.O-O dxc4
9.Bxc4 b5 10.Be2 Bb7 11.e4 e5 12.Bg5 h6 13.Bh4 exd4 14.Nxd4 Qb8 15.Nf3 b4
16.Nb1 c5 17.Nbd2 a6 18.Rfe1 Re8 19.Bxf6 Nxf6 20.Bd3 Ng4 21.h3 Ne5 22.Nxe5 Bxe5
23.Nf3 Qc7 24.Bc4 Rad8 25.Re2 Bd4 26.a3  1/2-1/2

[Event "Osen II"]
[Site "Alushta UKR"]
[Date "2003.10.02"]
[Round "9"]
[White "Krivoshey,S"]
[Black "Sumets,A"]
[Result "1-0"]
[WhiteElo "2507"]
[BlackElo "2473"]

1.c4 e6 2.Nc3 d5 3.d4 c6 4.Nf3 Nf6 5.e3 Nbd7 6.Bd3 dxc4 7.Bxc4 b5 8.Bd3 Bb7
9.e4 b4 10.Na4 c5 11.e5 Nd5 12.Nxc5 Nxc5 13.dxc5 Bxc5 14.Ng5 Qc7 15.O-O h6
16.Qh5 Kf8 17.Nf3 Rd8 18.Bg5 Rc8 19.Rac1 Kg8 20.Bd2 Qd7 21.Rfd1 Bb6 22.Rxc8+ Qxc8
23.Qg4 a5 24.h4 Qd7 25.h5 Kf8 26.Bf1 Qb5 27.Re1 Qc5 28.Qg3 Qb5 29.Qg4 Qc5
30.Qg3 Qb5 31.Nh2 Qc5 32.Rc1 Qd4 33.Rc2 b3 34.axb3 Nb4 35.Bxb4+ axb4 36.Rc1 Qxb2
37.Rd1 Bd5 38.Bd3 Qxb3 39.Rb1 Qc3 40.Nf1 Bd4 41.Qh4 f6 42.Bg6 Bxe5 43.Rc1 Qd4
44.Qxd4 Bxd4 45.Rc8+ Ke7 46.Rxh8 f5 47.Ne3 Ba2 48.Rb8 b3 49.Nc4 Kd7 50.g4 Kc7
51.Rb5 Kc6 52.Be8+  1-0

[Event "ECC"]
[Site "Rethymnon GRE"]
[Date "2003.10.02"]
[Round "5"]
[White "Rasmussen,K"]
[Black "Van Wely,L"]
[Result "1-0"]
[WhiteElo "2437"]
[BlackElo "2661"]

1.Nf3 Nf6 2.c4 e6 3.Nc3 d5 4.d4 c6 5.e3 Nbd7 6.Bd3 dxc4 7.Bxc4 b5 8.Be2 a6
9.e4 b4 10.e5 bxc3 11.exf6 Nxf6 12.bxc3 Bd6 13.O-O O-O 14.Bg5 Qc7 15.Bd3 c5
16.Qe2 Bb7 17.Rab1 Nd5 18.Qe4 g6 19.Rxb7 Qxb7 20.c4 Rfe8 21.dxc5 Bxc5 22.cxd5 exd5
23.Qf4 Re6 24.h4 Qb2 25.h5 Qxa2 26.Ne5 f5 27.hxg6 hxg6 28.Nxg6 Rxg6 29.Qxf5 Rg7
30.Qe6+ Kh8 31.Bf6 Bf8 32.Bxg7+ Bxg7 33.Qg6 Kg8 34.Re1 Qd2 35.Qe6+ Kf8 36.Qf5+  1-0

[Event "ECC"]
[Site "Rethymnon GRE"]
[Date "2003.10.03"]
[Round "6"]
[White "Gretarsson,H"]
[Black "Rasmussen,K"]
[Result "1/2-1/2"]
[WhiteElo "2513"]
[BlackElo "2437"]

1.d4 d5 2.Nf3 Nf6 3.c4 e6 4.Nc3 c6 5.e3 Nbd7 6.Qc2 Bd6 7.b3 O-O 8.Be2 b6
9.O-O Bb7 10.e4 Nxe4 11.Nxe4 dxe4 12.Qxe4 Nf6 13.Qh4 c5 14.dxc5 Bxc5 15.Bb2 Qe7
16.Rad1 Rad8 17.Ne5 Rfe8 18.Nd3 Bd6 19.Ne5 Qc7 20.Nf3 e5 21.Nd2 Bc5 22.a3 Bd4
23.Bxd4 Rxd4 24.Qg3 Qe7 25.b4 h5 26.Nb3 h4 27.Qc3 Rf4 28.g3 Ne4 29.Qe3 Qg5
30.Nd2 hxg3 31.fxg3 Rxf1+ 32.Nxf1 Qxe3+ 33.Nxe3 Nc3 34.Rd2 Nxe2+ 35.Rxe2 Rd8
36.Nf5 g6 37.Nh4 e4 38.Ng2 b5 39.Kf2 Kg7 40.h4 Kf6 41.Nf4 Rd1 42.Re1 Rd2+
43.Re2 Rd1 44.Re1 Rd2+ 45.Re2 Rd1  1/2-1/2

[Event "ECC"]
[Site "Rethymnon GRE"]
[Date "2003.10.03"]
[Round "6"]
[White "Wukits,R"]
[Black "Boidman,Y"]
[Result "1-0"]
[WhiteElo "2288"]
[BlackElo "2407"]

1.d4 d5 2.c4 c6 3.Nf3 Nf6 4.Nc3 e6 5.e3 Nbd7 6.Qc2 Bd6 7.Bd3 O-O 8.O-O Qe7
9.Bd2 dxc4 10.Bxc4 e5 11.Bb3 e4 12.Ng5 Bxh2+ 13.Kxh2 Ng4+ 14.Kg1 Qxg5 15.Qxe4 Ndf6
16.Qf4 Qxf4 17.exf4 Rd8 18.f3 Rxd4 19.Rad1 Nh6 20.g4 Nhxg4 21.Bc1 c5 22.fxg4 Bxg4
23.Rxd4 cxd4 24.Nd5 Ne4 25.Re1 Nc5 26.Bc4 Rd8 27.b4 Na4 28.f5 h5 29.Bg5 b5
30.Bxd8 bxc4 31.Re4 d3 32.Rd4 f6 33.Bxf6 gxf6 34.Nxf6+ Kg7 35.Nxg4 hxg4 36.Rxc4 Nb2
37.Rd4 Kf6 38.Rd5 Nc4 39.Rxd3 Kxf5 40.Rd7 a6 41.Ra7 Kf4 42.Rxa6 Ne5 43.Ra3 Ke4
44.b5 Kd5 45.Rc3 Kd4 46.Rc7  1-0

[Event "2nd League TCh-SCG"]
[Site "Belgrade SCG"]
[Date "2003.10.04"]
[Round "8"]
[White "Ivanisevic,I"]
[Black "Ilincic,Z"]
[Result "1-0"]
[WhiteElo "2563"]
[BlackElo "2557"]

1.c4 e6 2.Nc3 d5 3.d4 c6 4.e3 Nf6 5.Nf3 Nbd7 6.Qc2 Be7 7.g4 dxc4 8.Bxc4 b5
9.Bd3 Bb7 10.e4 b4 11.Na4 Qa5 12.Nd2 c5 13.g5 Nh5 14.Nxc5 Nxc5 15.dxc5 Nf4
16.Nb3 Nxd3+ 17.Qxd3 Qa4 18.Bf4 O-O 19.Bd6 Rfd8 20.Qe3 Bxd6 21.cxd6 Rxd6
22.O-O Rad8 23.Nc5 Qb5 24.Rac1 Bc6 25.Qf4 Qe2 26.Qe5 Rd2 27.h3 Bb5 28.Qf4 e5
29.Qxe5 Qf3 30.Ne6 fxe6 31.Qxb5 Qxh3 32.Qe5 R2d3 33.Qh2 Qg4+ 34.Qg2 Qf4 35.g6 hxg6
36.Qxg6 R8d6 37.Rc7 Qf6 38.Qxf6 gxf6 39.Rxa7 Rd2 40.b3  1-0

[Event "ECC"]
[Site "Rethymnon GRE"]
[Date "2003.10.04"]
[Round "7"]
[White "Tisdall,J"]
[Black "Asmundsson,I"]
[Result "1-0"]
[WhiteElo "2481"]
[BlackElo "2321"]

1.d4 d5 2.c4 c6 3.Nf3 Nf6 4.e3 e6 5.Nc3 Nbd7 6.Qc2 Bd6 7.a3 Qe7 8.Be2 dxc4
9.Bxc4 e5 10.O-O O-O 11.Ba2 h6 12.Nh4 Re8 13.Nf5 Qf8 14.Bd2 exd4 15.exd4 Nb6
16.Bxh6 Bxh2+ 17.Kxh2 Ng4+ 18.Kg1 Bxf5 19.Qxf5 Nxh6 20.Qh5 Rad8 21.Rad1 Rd6
22.Rd3 g6 23.Qg5 Nf5 24.Rf3 Kh7 25.Bb1 Nxd4 26.Rh3+ Kg8 27.Ne4 Rxe4 28.Bxe4 Nc4
29.Qh4 Qg7 30.Qe7 Qe5 31.Qxb7 Rd8 32.Bd3 Nxb2 33.Re3 Qf6 34.Ba6 Rd5 35.Rb1 Nf5
36.Qxb2 Rd1+ 37.Bf1 Rxf1+ 38.Kxf1 Nxe3+ 39.Kg1 Qxb2 40.Rxb2 Nc4 41.Rb3 Kf8
42.Rc3  1-0

[Event "ECC"]
[Site "Rethymnon GRE"]
[Date "2003.10.04"]
[Round "7"]
[White "Dal Borgo,A"]
[Black "Radziewicz,I"]
[Result "0-1"]
[WhiteElo "2224"]
[BlackElo "2419"]

1.d4 d5 2.Nf3 Nf6 3.c4 e6 4.Nc3 c6 5.e3 Nbd7 6.Bd3 dxc4 7.Bxc4 b5 8.Bd3 Bb7
9.O-O a6 10.e4 c5 11.d5 Qc7 12.dxe6 fxe6 13.Qe2 c4 14.Bc2 Bd6 15.Rd1 O-O
16.h3 Rae8 17.Nd4 Bc5 18.a3 Ba7 19.Be3 Bb8 20.g3 Nc5 21.Bg5 h6 22.Bxf6 Rxf6
23.Rac1 Ref8 24.Rf1 Qe5 25.Rcd1 Nd3 26.Bxd3 Qxd4 27.Bc2 Qc5 28.Kg2 g5 29.Rd2 Bc6
30.Nd1 Qe5 31.Bb1 Bc7 32.Qe3 h5 33.Qd4 Qxd4 34.Rxd4 h4 35.g4 Rf3 36.Rd2 R3f7
37.f3 Bf4 38.Rd4 Be5 39.Rd2 Rd7 40.Rxd7 Bxd7 41.Nc3 Rb8 42.Ba2 Kf7 43.Rd1 Ke7
44.Rd2 b4 45.axb4 Rxb4 46.Rf2 a5 47.Re2 Bc6 48.Nd1 Ba4 49.Nc3 Bb3 50.Bxb3 Rxb3
51.Rc2 Bxc3 52.bxc3 Kf6 53.Kf2 a4 54.Ke2 a3 55.Ke3 Ke5  0-1

[Event "ECC"]
[Site "Rethymnon GRE"]
[Date "2003.10.04"]
[Round "7"]
[White "Carlsen,M"]
[Black "Gretarsson,H"]
[Result "1-0"]
[WhiteElo "2385"]
[BlackElo "2513"]

1.d4 d5 2.c4 c6 3.Nf3 Nf6 4.Nc3 e6 5.e3 Nbd7 6.Qc2 Bd6 7.g4 Nxg4 8.Rg1 Qf6
9.Rxg4 Qxf3 10.Rxg7 Nf6 11.Bg2 Qh5 12.e4 dxe4 13.Bg5 Bf8 14.Bxf6 Bxg7 15.Bxg7 Rg8
16.Nxe4 Qa5+ 17.Kf1 Rxg7 18.Qc1 Qd8 19.Qf4 Kf8 20.Qe5 Rg6 21.Qh8+ Ke7 22.Qxh7 Qg8
23.Qh4+ f6 24.Bf3 e5 25.b3 exd4 26.Ng3 Bg4 27.Re1+ Kf7 28.Be4 Rg7 29.h3 Bd7
30.Qh5+ Kf8 31.Qc5+ Kf7 32.Bg6+  1-0

[Event "2nd It"]
[Site "Klaksvik FAI"]
[Date "2003.10.09"]
[Round "5"]
[White "Olsen,H"]
[Black "Poulsen,Ma"]
[Result "0-1"]
[WhiteElo "2264"]
[BlackElo "2252"]

1.c4 Nf6 2.Nf3 c6 3.Nc3 d5 4.e3 e6 5.d4 Nbd7 6.Qc2 Bd6 7.Bd3 O-O 8.O-O dxc4
9.Bxc4 e5 10.h3 Qe7 11.a3 b5 12.Ba2 Bb7 13.Ng5 Rae8 14.dxe5 Nxe5 15.Nge4 Nxe4
16.Nxe4 Bb8 17.Ng3 c5 18.Bd2 Qh4 19.e4 Nf3+ 20.gxf3 Bxg3 21.Kg2 Bb8 22.Rae1 c4
23.Rh1 f5 24.exf5 Qh5 25.Qc3 Rxf5 26.Rxe8+ Qxe8 27.Re1 Qg6+ 28.Kf1 Bxf3 29.Bxc4+ Kh8
30.Re3 Bg2+ 31.Ke1 bxc4 32.Qxc4 Bc6  0-1

[Event "FSIM October"]
[Site "Budapest HUN"]
[Date "2003.10.10"]
[Round "7"]
[White "Horvath,An"]
[Black "Rudolf,A"]
[Result "1-0"]
[WhiteElo "2265"]
[BlackElo "2205"]

1.d4 e6 2.c4 d5 3.Nf3 c6 4.Nc3 Nf6 5.e3 Nbd7 6.Qc2 Be7 7.Bd3 O-O 8.O-O Re8
9.e4 dxc4 10.Bxc4 h6 11.Bf4 Nf8 12.Rad1 Ng6 13.Bg3 Qb6 14.Rfe1 Bb4 15.Bd3 Nh5
16.e5 Ngf4 17.Bh7+ Kh8 18.Re4 Kxh7 19.Bxf4 Nxf4 20.Rxf4+ Kg8 21.Ne4 Be7 22.Nf6+ Bxf6
23.exf6 e5 24.Nxe5 Be6 25.Ng4 Bxg4 26.Rxg4 g5 27.Qf5 Re2 28.h4 Rae8 29.Rxg5+ Kh8
30.Rg7 Re1+ 31.Rxe1  1-0

[Event "Femida"]
[Site "Kharkov UKR"]
[Date "2003.10.11"]
[Round "6"]
[White "Romanova,I"]
[Black "Doluhanova,E"]
[Result "0-1"]
[WhiteElo "2256"]
[BlackElo "2175"]

1.d4 d5 2.c4 e6 3.Nc3 Nf6 4.Nf3 c6 5.e3 Nbd7 6.Bd3 Bd6 7.O-O O-O 8.e4 dxc4
9.Bxc4 e5 10.Bg5 Qe7 11.h3 h6 12.Be3 Rd8 13.d5 Nb6 14.Bb3 Bb4 15.Qe2 Bxc3
16.bxc3 cxd5 17.Bxb6 axb6 18.exd5 Nxd5 19.Rad1 Be6 20.Qxe5 Qc5 21.Rd3 Nc7
22.Qe4 Qc6 23.Qe2 Bxb3 24.axb3 Ne6 25.c4 Rxd3 26.Qxd3 Nc5 27.Qc2 g6 28.b4 Nd7
29.Rd1 Nf8 30.Qc3 Rc8 31.Ne5 Qe6 32.Ng4 f5 33.Nf6+ Kf7 34.Nd5 Re8 35.Qh8 g5
36.Qd4 Rd8 37.Ra1 b5 38.Ra7 Rd7 39.Qb6 bxc4 40.Qxe6+ Kxe6 41.Nb6 Rc7  0-1

[Event "EuTCh"]
[Site "Plovdiv BUL"]
[Date "2003.10.11"]
[Round "1"]
[White "Van der Stricht,G"]
[Black "Acs,P"]
[Result "0-1"]
[WhiteElo "2468"]
[BlackElo "2593"]

1.d4 Nf6 2.c4 e6 3.Nf3 d5 4.Nc3 c6 5.e3 Nbd7 6.Bd3 dxc4 7.Bxc4 b5 8.Bd3 a6
9.e4 c5 10.e5 cxd4 11.Nxb5 axb5 12.exf6 gxf6 13.O-O Qb6 14.Qe2 b4 15.Rd1 Bc5
16.a4 bxa3 17.bxa3 Bb7 18.a4 Rd8 19.a5 Qc6 20.Bb5 Qd5 21.Ba3 Rg8 22.Kf1 Bxa3
23.Rxa3 Qc5 24.Qb2 Bxf3 25.Rxf3 Rg5 26.Bxd7+ Rxd7 27.Ra3 Qc6 28.f3 Qa6+ 29.Kg1 Rxa5
30.Rxa5 Qxa5 31.Ra1 Qc3 32.Ra8+ Ke7  0-1

[Event "EuTCh"]
[Site "Plovdiv BUL"]
[Date "2003.10.11"]
[Round "1"]
[White "Navara,D"]
[Black "Thorhallsson,T"]
[Result "1-0"]
[WhiteElo "2607"]
[BlackElo "2444"]

1.c4 e6 2.Nc3 d5 3.d4 Nf6 4.Nf3 c6 5.e3 Nbd7 6.Qc2 Bd6 7.Bd3 O-O 8.O-O dxc4
9.Bxc4 b5 10.Be2 Bb7 11.Rd1 Qe7 12.e4 e5 13.dxe5 Nxe5 14.Nd4 Bc5 15.Nf5 Qe6
16.Bf4 Rad8 17.Rxd8 Rxd8 18.Rd1 Rxd1+ 19.Qxd1 Ng6 20.Qd8+ Qe8 21.Qxe8+ Nxe8
22.Be3 Bxe3 23.Nxe3 Nd6 24.b4 Kf8 25.g3 a6 26.f3 Ke8 27.Kf2 Kd8 28.Nc2 Kc7
29.Nd4 Bc8 30.f4 Ne7 31.e5 Nb7 32.Ne4 h6 33.Bf3 Bd7 34.a3 Kb6 35.Bh5 g6 36.Nf6 Bc8
37.Bf3 a5 38.Bxc6 axb4 39.axb4 Nd8 40.Bxb5 Ne6 41.Nxe6 Kxb5 42.Nd8 Be6 43.Ne8 Kxb4
44.Nxe6 fxe6 45.Nc7 Kc4 46.Kf3 Nf5 47.Nxe6 Kd5 48.Nf8 Ne7 49.h4 g5 50.h5 gxf4
51.Kxf4 Nc6 52.e6 Ne7 53.Ng6 Nxg6+ 54.hxg6 Kxe6 55.Kg4 Kf6 56.Kh5 Kg7 57.g4 Kg8
58.Kxh6 Kh8 59.g7+ Kg8 60.g5  1-0

[Event "EuTCh"]
[Site "Plovdiv BUL"]
[Date "2003.10.11"]
[Round "1"]
[White "Moiseenko,A"]
[Black "Hector,J"]
[Result "1-0"]
[WhiteElo "2618"]
[BlackElo "2515"]

1.d4 d5 2.c4 c6 3.Nc3 Nf6 4.e3 e6 5.Nf3 Nbd7 6.Bd3 dxc4 7.Bxc4 b5 8.Bd3 a6
9.e4 c5 10.e5 cxd4 11.Nxb5 Ng4 12.Qa4 Bb7 13.Nbxd4 Qb6 14.O-O Bc5 15.h3 Bxf3
16.hxg4 Bd5 17.Nf3 Qb7 18.Qf4 O-O 19.g5 g6 20.b3 a5 21.Bd2 Rfd8 22.Bc4 Bxf3
23.gxf3 Nb6 24.Be3 Bxe3 25.Qxe3 a4 26.Rad1 Rac8 27.Rxd8+ Rxd8 28.Rc1 Nxc4
29.Rxc4 axb3 30.axb3 Rd1+ 31.Kg2 Rb1 32.Qd3 Rxb3 33.Qd8+ Kg7 34.Qf6+ Kg8
35.Rd4 Qc8 36.Rd8+ Qxd8 37.Qxd8+ Kg7 38.f4 Ra3 39.Qd6 Rb3 40.f3 Rb2+ 41.Kg3 Rc2
42.Qd8 Ra2 43.Qd1 Rb2 44.Qh1 Ra2 45.Qb1 Rd2 46.Qb6 Ra2 47.Qd8 Rc2 48.f5 gxf5
49.Qd4 Ra2 50.Qb4 Rc2 51.Kf4 Re2 52.Qc3 Kg8 53.Qd3 Re1 54.Qd2 Ra1 55.g6 hxg6
56.Kg5 Kg7 57.Qh2  1-0

[Event "Open"]
[Site "Winterthur SUI"]
[Date "2003.10.11"]
[Round "9"]
[White "Sarakauskas,G"]
[Black "Bucher,M"]
[Result "1/2-1/2"]
[WhiteElo "2428"]
[BlackElo "2168"]

1.c4 c6 2.Nf3 Nf6 3.Nc3 d5 4.e3 e6 5.d4 Nbd7 6.Qc2 Be7 7.b3 O-O 8.Be2 b6
9.O-O Bb7 10.Bb2 Rc8 11.Rfd1 Qc7 12.Rac1 Qb8 13.Bd3 h6 14.Qe2 Rfd8 15.Bb1 c5
16.cxd5 Nxd5 17.Nxd5 Bxd5 18.Ba3 Bb7 19.Qc2 Nf6 20.dxc5 Rxd1+ 21.Qxd1 Bxc5
22.Bxc5 Rxc5 23.Rxc5 bxc5 24.Bd3 Bd5 25.Qc2 Bxf3 26.gxf3 Qe5 27.f4 Qh5 28.Bf1 Nd5
29.Be2 Qf5 30.Qxf5 exf5 31.Bd3 Nb4 32.Bb1 g6 33.Kf1 Nd5 34.a3 Kf8 35.Bd3 Ke7
36.Ke2 Nb6 37.Kd2 Kd6 38.Kc3 Kd5 39.Bf1 a5 40.Bb5 g5 41.Bd3 Ke6 42.Bc4+ Kf6
43.fxg5+ hxg5 44.f4 gxf4 45.exf4 Kg6 46.Be2 Kh6 47.Bf3 Kg6 48.Kd3 Kh6 49.Ke3 Kg6
50.Be2 Nc8 51.Kd3 Nb6 52.Kc3 Kh6 53.Bd3 Kg6 54.Bb1 Kf6 55.a4 Kg6 56.h4 Kh5
57.Bxf5 Kxh4 58.Kd3 Kg3 59.Ke4 c4 60.bxc4 Nxc4 61.Bd7 Nb6 62.Bc6 Kg4 63.f5 f6
64.Bb5 Kg5 65.Bc6 Kg4 66.Bb5 Kg5  1/2-1/2